000 00707nam a2200205 a 4500
001 000035035
005 20200930074048.0
008 111024s1957 sp a 000 0 spa d
040 _aDO-SdBNP
_bspa
_cBNPHU
082 _axxx
_bD238t
100 1 _aDaudet, Alphonse,
_d1840-1897.
_913777
245 1 0 _aTartarín de tarascón - Tartarín en los Alpes /
_cAlphonse Daudet ; traducción Antonio G. de Linares.
246 1 1 _aTartarín en los Alpes
260 _aMadrid :
_bAguliar,
_c1957.
300 _a484 p. :
_bil. ;
_c13 cm.
490 1 _aCrisol
590 _aPerteneció a la biblioteca personal de Juan Isidro Jimenes Grullón
700 1 _aLinares, Antonio G. de,
_etr.
_960668
830 0 _aCrisol
_960669
999 _c34526
_d34526